000 00187 a2200097 4500
020 _a9780375828850
041 _aeng
100 _aSeuss, Theodore
245 _aIce it's nice!
942 _cBK
999 _c31973
_d31971